Lataa...
Deliberative Ecological Economics
| Päätekijä: | |
|---|---|
| Muut tekijät: | |
| Aineistotyyppi: | Printed Book |
| Kieli: | Undetermined |
| Julkaistu: |
New Delhi
Oxford
2008
|
| LEADER | 00542nam a2200145Ia 4500 | ||
|---|---|---|---|
| 008 | 100907s9999 xx 000 0 und d | ||
| 082 | |a 333.7 | ||
| 100 | |a Zografos, Christos | ||
| 245 | |a Deliberative Ecological Economics | ||
| 260 | |b Oxford |a New Delhi |c 2008 | ||
| 300 | |a 271 | ||
| 700 | |a Howarth, Richard B | ||
| 942 | |c BK | ||
| 999 | |c 317960 |d 317960 | ||
| 952 | |0 0 |1 0 |4 0 |6 333_700000000000000_ZOG_DE |7 0 |9 364084 |a ECN |b ECN |c ST1 |d 2010-09-07 |e Book Shop, Publication Dvision, University of Calicut |g 0.00 |i 8471 |l 0 |o 333.7 ZOG/DE |p ECN8471 |r 2019-02-13 |w 2019-02-13 |y BK | ||